| 000 | 00000nam##2200000za#4500 |
| 001 | 9.625956 |
| 003 | CaOODSP |
| 005 | 20210615104249 |
| 007 | ta |
| 008 | 150406|2002||||xxc||||| f|0| 0 fre|d |
| 040 | |aCaOODSP|bfre |
| 043 | |an-cn--- |
| 086 | 1 |aNH18-22/102-114F |
| 110 | 2 |aSociété canadienne d'hypothèques et de logement. |
| 245 | 10|aDéfinir la force motrice de l'effet convectif responsable de l'infiltration des gaz souterrains dans les maisons |
| 260 | |aOttawa - Ontario : |bSociété canadienne d'hypothèques et de logement |c2002. |
| 300 | |a3p. : |bfigure ; |c28 cm. |
| 490 | 1 |aLe point en recherche. Série technique |v02-114 |
| 563 | |aDépliant |
| 590 | |a02-34|b2002-08-23 |
| 691 | 07|aGaz|2gcpds |
| 691 | 07|aLogement|2gcpds |
| 691 | 07|aPollution des sols|2gcpds |
| 775 | 08|tDefining the convective driving force for soil gas intrusion into houses |w(CaOODSP)9.616006 |
| 776 | 0#|tDéfinir la force motrice de l'effet convectif responsable de l'infiltration des gaz souterrains dans les maisons |w(CaOODSP)9.602645 |
| 830 | #0|aLe point en recherche. Série technique ;|v02-114|w(CaOODSP)9.513179 |
| 986 | |a62891 |